Detalles MARC
| 000 -LIDER |
| fixed length control field |
01167nam a2200289 u 4500 |
| 001 - NÚMERO DE CONTROL |
| Identificador de número de control |
000020401 |
| 003 - IDENTIFICACDOR DE NÚMERO DE CONTROL |
| control field |
DO-SdBNP |
| 005 - DATE AND TIME OF LATEST TRANSACTION |
| control field |
20230719130221.0 |
| 008 - ELEMENTOS DE LONGITUD FIJA |
| fixed length control field |
100813s2015 dr 000 0 spa d |
| 020 ## - ISBN |
| International Standard Book Number |
9789945893519 |
| 040 ## - FUENTE DE CATALOGACIÓN |
| Agencia que crea de manera original el registro |
DO-SdBNP |
| Idioma de catalogación |
spa |
| Agencia que realiza la transcripción |
BPMSU |
| 082 #4 - NÚMERO DE CLASIFICACIÓN DECIMAL DE DEWEY |
| Classification number |
980 |
| Item number |
G935b 2015 |
| Edition number |
22 |
| 100 1# - ASIENTO PRINCIPAL -- NOMBRE PERSONAL |
| Nombre personal |
Guerra Vilaboy, Sergio |
| Fechas asociadas con el nombre |
1949- |
| 245 10 - MENCIÓN DE TITULO |
| Título |
Breve historia de la integración de América Latina y el Caribe : |
| Subtítulo |
un sueño bicentenario / |
| Mención de responsabilidad |
Sergio Guerra Vilaboy. |
| 260 ## - PUBLICACIÓN, DISTRIBUCIÓN, ETC. (PIE DE IMPRENTA) |
| Lugar de publicación, distribución, etc |
Santo Domingo, |
| Nombre del editor, distribuidor, etc. |
Ministerio para Políticas de Integración Regional, |
| Fecha de publicación, distribución, etc |
2015. |
| 300 ## - DESCRIPCIÓN FÍSICA |
| Extensión |
v. ; |
| Otros detalles físicos |
22 cm. |
| 490 0# - MENCIÓN DE SERIES |
| Mención de serie |
Educar para integrar |
| 504 ## - NOTA DE BIBLIOGRAFÍA, ETC. |
| Bibliography, etc |
Bibliografía p.143-153 |
| 505 ## - NOTA DE CONTENIDO |
| Campo enlazado y núm. de secuencia |
Incluye índice onomástico |
| 590 ## - NOTA LOCAL |
| Enlace |
Inventariado, 2022/VM |
| 651 #4 - ENCABEZAMIENTO DE MATERIA--NOMBRE GEOGRÁFICO |
| Nombre geográfico |
América Latina |
| Subdivisión temática general |
Historia. |
| Subdivisión de forma |
Ensayos, conferencias, etc. |
| Fuente del encabezamiento o término |
|
| 651 #4 - ENCABEZAMIENTO DE MATERIA--NOMBRE GEOGRÁFICO |
| Nombre geográfico |
Caribe (Región, República Dominicana) |
| Subdivisión temática general |
Integración económica |
| -- |
Historia |
| 651 #4 - ENCABEZAMIENTO DE MATERIA--NOMBRE GEOGRÁFICO |
| Nombre geográfico |
América Latina |
| Subdivisión temática general |
Integración económica |
| -- |
Historia |
| Subdivisión de forma |
Ensayos, conferencias |
| 710 2# - ASIENTO SECUNDARIO -- NOMBRE CORPORATIVO |
| Nombre corporativo o de jurisdicción |
Ministerio para Políticas de Integración Regional (República Dominicana) |
| 910 ## - VALIDACIÓN |
| Validación |
VMateo V. Control de calidad. BPMSU |
| 942 ## - ADDED ENTRY ELEMENTS (KOHA) |
| Source of classification or shelving scheme |
Dewey Decimal Classification |
| Koha item type |
Libros |